| 000 | 00000nam##2200000za#4500 |
| 001 | 9.637938 |
| 003 | CaOODSP |
| 005 | 20210624221438 |
| 007 | cr ||||||||||| |
| 008 | 150407|2006||||xxc|||||o f|0| 0 fre|d |
| 040 | |aCaOODSP|bfre |
| 043 | |an-cn--- |
| 086 | 1 |aCi51-194/2006F-PDF |
| 110 | 1 |aCanada. |bCitoyenneté et immigration Canada. |
| 245 | 10|aNiveaux de compétence linquistique canadiens 2006 : |h[ressource électronique]|bFrançais langue seconde pour adultes |
| 260 | |aOttawa - Ontario : |bCitoyenneté et Immigration Canada |c[2006]. |
| 300 | |a255p.|bill. |
| 500 | |aLe n° de catalogue (Ci51-194/2006F) et l'ISBN (0-662-72188-8) de l'édition imprimée ont été incorrectement copiés dans l'édition pdf. |
| 590 | |a10-08-Supp|b2010-10-06 |
| 691 | 07|aLangue seconde|2gcpds |
| 856 | 40|ahttp://publications.gc.ca|qPDF|s7899 Ko|uhttps://publications.gc.ca/collections/collection_2010/cic/Ci51-194-2006-fra.pdf |